| 000 | 00509nam a22001813a 4500 | ||
|---|---|---|---|
| 005 | 20220620105128.0 | ||
| 008 | 010531s1998 mx fr 000 0 spa d | ||
| 035 | _aUPN01000116542 | ||
| 049 | _aCG | ||
| 050 | 4 |
_aPN3321 _bD5.5 |
|
| 245 | 0 | 0 |
_a10 relatos de la mar / _cJorge Amado ... [et al.]. |
| 260 |
_aMéxico : _bPlaza & Janés, _c1998 |
||
| 300 | _a225 p. | ||
| 650 | 0 |
_aMar, El, En la literatura _95071 |
|
| 700 | 1 |
_aAmado, Jorge, _d1912-2001 _ecoaut. _930788 |
|
| 740 | 0 | _aDiez relatos | |
| 905 | _aLibro | ||
| 999 |
_c89279 _d89279 |
||